|
|
|
|
| LEADER |
04403nam a22004453i 4500 |
| 001 |
EBC30604802 |
| 003 |
MiAaPQ |
| 005 |
20231204023231.0 |
| 006 |
m o d | |
| 007 |
cr cnu|||||||| |
| 008 |
231204s2023 xx o ||||0 eng d |
| 020 |
|
|
|a 9789464632088
|q (electronic bk.)
|
| 020 |
|
|
|z 9789464632071
|
| 035 |
|
|
|a (MiAaPQ)EBC30604802
|
| 035 |
|
|
|a (Au-PeEL)EBL30604802
|
| 040 |
|
|
|a MiAaPQ
|b eng
|e rda
|e pn
|c MiAaPQ
|d MiAaPQ
|
| 050 |
|
4 |
|a R1
|
| 100 |
1 |
|
|a Yueniwati, Yuyun.
|
| 245 |
1 |
0 |
|a Proceedings of the International Conference of Medical and Life Science (ICoMELISA 2021).
|
| 250 |
|
|
|a 1st ed.
|
| 264 |
|
1 |
|a Dordrecht :
|b Atlantis Press (Zeger Karssen),
|c 2023.
|
| 264 |
|
4 |
|c ©2023.
|
| 300 |
|
|
|a 1 online resource (71 pages)
|
| 336 |
|
|
|a text
|b txt
|2 rdacontent
|
| 337 |
|
|
|a computer
|b c
|2 rdamedia
|
| 338 |
|
|
|a online resource
|b cr
|2 rdacarrier
|
| 490 |
1 |
|
|a Advances in Health Sciences Research Series ;
|v v.57
|
| 505 |
0 |
|
|a Intro -- Preface -- Organization -- Contents -- Peer-Review Statements -- 1 Review Procedure -- 2 Quality Criteria -- 3 Key Metrics -- Analysis of Sobel and Laplacian Edge Detection Algorithms for Blue Plasma Lymphocytes in the Blood Smear of Dengue Fever Patients -- 1 Introduction -- 2 Literature Review -- 3 Methods -- 4 Result -- 5 Discussion -- 6 Conclusions -- 7 Suggestion -- References -- Cancer's Probability Assessment from Breast Ultrasonograhys by Using Image Processing -- 1 Introduction -- 2 Methods -- 2.1 Pre-processing -- 2.2 Cancer Suspected Segmentation -- 2.3 Feature Extraction -- 2.4 Classification -- 3 Result -- 4 Conclusions -- References -- Ischemic Cerebellar Stroke During Embolization Procedure on Hemoptysis Patient -- 1 Introduction -- 2 Methods -- 3 Result -- 4 Discussion -- 5 Conclusions -- References -- Prevalence of Squalene Epoxidase Mutation in Terbinafine Resistance: A Systematic Review -- 1 Introduction -- 2 Methods -- 3 Result and Discussion -- 4 Conclusions -- References -- Potential of Clinacanthus Nutans as an Alternative Therapeutic Agent for Diabetes Mellitus -- 1 Introduction -- 2 Methods -- 3 Result -- 4 Discussion -- 4.1 Antidiabetic Activity of C. Nutans Using Invitro Studies -- 4.2 Antidiabetic Activity of C. Nutans Using Invitro Studies -- 4.3 Antidiabetic Mechanism of C. nutans -- 5 Conclusions -- References -- Development of a Modified UNet-Based Image Segmentation Architecture for Brain Tumor MRI Segmentation -- 1 Introduction -- 2 Methods -- 3 Result and Discussion -- 4 Conclusions -- References -- Literature Review of Atherosclerosis Treatment with Hibiscus Sabdariffa as an Alternative for Statin Therapy -- 1 Introduction -- 2 Methods -- 2.1 Literature Review -- 3 Result and Discussion -- 3.1 Statin Side Effect -- 3.2 The Content and Benefits of Hibiscus Sabdariffa as a Herbal Medicine.
|
| 505 |
8 |
|
|a 3.3 Community Consumption of Hibiscus Sabdariffa -- 3.4 Hibiscus Sabdariffa Toxicity -- 4 Conclusions -- 5 Suggestion -- References -- The Accuracy Level of Transcranial Color Doppler Compared with Magnetic Resonance Angiography in Stroke Infarction -- 1 Introduction -- 2 Methods -- 3 Result -- 3.1 Data Analysis -- 3.2 Sensitivity and Specificity Test of TCD Compared to MRA on ACA, MCA and PCA Using a 2 × 2 Table -- 4 Discussion -- 4.1 Sample Distribution Based on Age and Gender -- 4.2 Data Analysis -- 4.3 TCD Sensitivity and Specificity Test Compared to MRA in ACA, MCA and PCA Using a 2x2 Table -- 5 Conclusions -- 6 Suggestion -- References.
|
| 588 |
|
|
|a Description based on publisher supplied metadata and other sources.
|
| 590 |
|
|
|a Electronic reproduction. Ann Arbor, Michigan : ProQuest Ebook Central, 2023. Available via World Wide Web. Access may be limited to ProQuest Ebook Central affiliated libraries.
|
| 655 |
|
4 |
|a Electronic books.
|
| 700 |
1 |
|
|a Tchoyoson, Lim Choie Cheio.
|
| 700 |
1 |
|
|a Hamid, Hamzaini bin Abdul.
|
| 700 |
1 |
|
|a Arsana, Putu Moda.
|
| 700 |
1 |
|
|a Nakagoshi, Nobukazu.
|
| 776 |
0 |
8 |
|i Print version:
|a Yueniwati, Yuyun
|t Proceedings of the International Conference of Medical and Life Science (ICoMELISA 2021)
|d Dordrecht : Atlantis Press (Zeger Karssen),c2023
|z 9789464632071
|
| 797 |
2 |
|
|a ProQuest (Firm)
|
| 830 |
|
0 |
|a Advances in Health Sciences Research Series
|
| 856 |
4 |
0 |
|u https://ebookcentral.proquest.com/lib/matrademy/detail.action?docID=30604802
|z Click to View
|